Эксплуатация судовых котельных установок (Запись № 11528849)

Подробности
000 -МАРКЕР
контрольное поле 01679nam0a2200289 4500
001 - ИДЕНТИФИКАТОР ЗАПИСИ
контрольное поле RU\NLR\BIBL_A\011731347
005 - ИДЕНТИФИКАТОР ВЕРСИИ
контрольное поле 20180703091600.0
021 ## - НОМЕР ГОСУДАРСТВЕННОЙ РЕГИСТРАЦИИ
Код страны Российская Федерация
Номер КН-П-18-033741
Номер Листа государственной регистраци КН-П-18-2452
035 ## - ДРУГИЕ СИСТЕМНЫЕ НОМЕРА
Идентификатор записи (NLR Aleph) 011731347
035 ## - ДРУГИЕ СИСТЕМНЫЕ НОМЕРА
Идентификатор записи (RuMoRGB)009630175
100 ## - ДАННЫЕ ОБЩЕЙ ОБРАБОТКИ
Данные общей обработки 20180614d2018 u y0rusy50 ca
101 0# - ЯЗЫК РЕСУРСА
Язык текста, звукозаписи и т.д. русский
102 ## - СТРАНА ПУБЛИКАЦИИ ИЛИ ПРОИЗВОДСТВА
Страна публикации Российская Федерация
105 ## - ПОЛЕ КОДИРОВАННЫХ ДАННЫХ: ТЕКСТОВЫЕ МАТЕРИАЛЫ, МОНОГРАФИЧЕСКИЕ
Кодированные данные о монографическом текстовом документе a z 000zy
200 1# - ЗАГЛАВИЕ И СВЕДЕНИЯ ОБ ОТВЕТСТВЕННОСТИ
Основное заглавие Эксплуатация судовых котельных установок
Сведения, относящиеся к заглавию учебное пособие
-- [по специальности 25.06.05 "Эксплуатация судовых энергетических установок"]
Первые сведения об ответственности А. И. Епихин
Последующие сведения об ответственности Федеральное государственное бюджетное образовательное учреждение высшего образования Государственный морской университет им. адмирала Ф. Ф. Ушакова
210 ## - ПУБЛИКАЦИЯ, РАСПРОСТРАНЕНИЕ И ДР.
Место издания, распространения и т.д. Новороссийск
Имя издателя, распространителя и т. д. Редакционно-издательский отдел ФГБОУ ВО "ГМУ им. адм. Ф. Ф. Ушакова"
Дата издания, распространения и т.д. 2018
215 ## - ФИЗИЧЕСКАЯ ХАРАКТЕРИСТИКА
Специфическое обозначение материала и объем 87 с.
Другие сведения о физической характеристике ил., табл.
Размеры 21
320 ## - ПРИМЕЧАНИЯ О НАЛИЧИИ В ДОКУМЕНТЕ БИБЛИОГРАФИИ / УКАЗАТЕЛЯ
Текст примечания Библиогр.: с. 75 (5 назв.)
606 1# - НАИМЕНОВАНИЕ ТЕМЫ КАК ПРЕДМЕТ
Наименование темы Судовые котельные установки
Формальный подзаголовок Учебные издания для высших учебных заведений
Тематический подзаголовок Эксплуатация
Системный номер авторитетной/нормативной записи 2358471
Идентификатор авторитетной/нормативной записи RU\NLR\AUTH\6601631029
686 1# - ИНДЕКСЫ ДРУГИХ КЛАССИФИКАЦИЙ
Индекс О455.11-082я73-1
700 #1 - ИМЯ ЛИЦА - ПЕРВИЧНАЯ ОТВЕТСТВЕННОСТЬ
Начальный элемент ввода Епихин
Часть имени, кроме начального элемента ввода А. И.
Расширение инициалов личного имени Алексей Иванович
942 ## - ДОПОЛНИТЕЛЬНЫЕ ЭЛЕМЕНТЫ ЗАПИСИ (АБИС)
Тип экземпляра АБИС Книга
980 ## - КОЛЛЕКЦИЯ
Название коллекции НБР
980 ## - КОЛЛЕКЦИЯ
Название коллекции Национальная библиография

Нет доступных экземпляров.